| 000 | 00823nam a2200205Ii 4500 | ||
|---|---|---|---|
| 003 | JO-AjNU | ||
| 008 | 230605s9999||||xx |||||||||||||| ||und|| | ||
| 040 |
_aJO-AjNU _bara _erda _cJO-AjNU |
||
| 041 | _aara | ||
| 050 | 1 | 4 | _aK830.D37.2004 |
| 100 | 3 |
_aدواس، أمين, _eauthor _952974 |
|
| 245 | 0 | 0 | _aالقانون المدني: مصادر الالتزام"دراسة مقارنة" : المصادر الإدارية (العقد والإرادة المنفردة) |
| 250 | _aط1 | ||
| 264 | 3 | 1 | _aرام الله: دار الشروق، 2004 |
| 300 | _a270ص | ||
| 336 |
_atext _btxt _2rdacontent |
||
| 337 |
_aunmediated _bn _2rdamedia |
||
| 338 |
_avolume _bnc _2rdacarrier |
||
| 650 | 4 |
_aالالتزامات -- قوانين وتشريعات -- لبنان -- العقود (قانون مدني) -- لبنان _952975 |
|
| 999 |
_aA23498 _c27066 _d27066 |
||